000 00688nam a2200265Ia 4500
003 OSt
005 20220912151756.0
006 a|||||r|||| 00| 0
007 ta
008 220909b |||||||| |||| 00| 0 eng d
024 _a1120
037 _cTextual
040 _aCSL
_beng
_cCSL
041 _aeng
082 _aY7:(L:572):4.72, M6
100 _aShephard Roy J
245 0 _aFitness of a nation
260 _aBasel
_bS Kargar
_c1986
300 _a186p.
_ccm.
490 _aMedicine and Sport Science; 22
650 _a Social-Health
650 _aAnthropplogy
942 _hY7:(L:572):4.72, M6
_cTEXL
_2CC
999 _c75087
_d75087